000
00472nam a2200133Ia 4500
008
260427s2024 xx 000 0 und d
020
_a
978819604408
041
_a
hin
082
_a
660
100
_a
डॉ. रघुनाथ माशेलकर
245
_a
दुर्दम्य आशावादी
260
_b
सह्याद्री प्रकाशन, पुणे ,सिंहगड रस्ता, पुणे
_c
2024
300
_a
Hard/P-775
999
_c
1221078
_d
1221078